TCP/IP protocol suite
TCP/IP Protocol Suite teaches students and professionals, with no prior knowledge of TCP/IP, everything they need to know about the subject. This comprehensive book uses hundreds of figures to make technical concepts easy to grasp, as well as many examples, which help tie the material to the real-wo...
Na minha lista:
| Autor principal: | |
|---|---|
| Formato: | Livro |
| Idioma: | Undetermined |
| Publicado em: |
Boston
McGraw-Hill
2006
|
| Assuntos: | |
| Tags: |
Adicionar Tag
Sem tags, seja o primeiro a adicionar uma tag!
|
| Thư viện lưu trữ: | Trung tâm Học liệu Trường Đại học Cần Thơ |
|---|
| LEADER | 00902nam a2200205Ia 4500 | ||
|---|---|---|---|
| 001 | CTU_165568 | ||
| 008 | 210402s9999 xx 000 0 und d | ||
| 020 | |c 33.00 | ||
| 082 | |a 004.62 | ||
| 082 | |b F692 | ||
| 100 | |a Forouzan, Behrouz A. | ||
| 245 | 0 | |a TCP/IP protocol suite | |
| 245 | 0 | |c Behrouz A. Forouzan ; with Sophia Chung Fegan | |
| 260 | |a Boston | ||
| 260 | |b McGraw-Hill | ||
| 260 | |c 2006 | ||
| 520 | |a TCP/IP Protocol Suite teaches students and professionals, with no prior knowledge of TCP/IP, everything they need to know about the subject. This comprehensive book uses hundreds of figures to make technical concepts easy to grasp, as well as many examples, which help tie the material to the real-world. | ||
| 650 | |a TCP/IP (Computer network protocol),TCP/IP ( cổng kết nối máy tính) | ||
| 904 | |i QHieu | ||
| 980 | |a Trung tâm Học liệu Trường Đại học Cần Thơ | ||